Plantas forrajeras utilizadas por campesinos para alimentar animales en el Valle del Cauca (Registro nro. 4079)

Detalles MARC
000 -CABECERA
Campo de control 00697nam a2200229 a 4500
005 - FECHA Y HORA DE LA ULTIMA TRANSACCION
Campo de control 20160727150910.0
008 - ELEMENTOS DE LONGITUD FIJA—INFORMACION GENERAL
Campo de control 140313b1998 ck ||||| |||| 00| 0 spa d
020 ## - ISBN
ISBN 9386172
040 ## - FUENTE DE CATALOGACIÓN
Agencia catalogadora original CO-BoIAVH
Agencia transcriptora CO-BoIAVH
041 ## - IDIOMA
Código de idioma para texto/pista de sonido o título separado Español
044 ## - PAÍS DE PUBLICACIÓN
País de publicación Colombia
082 14 - NUMERO DE CLASIFICACION DECIMAL DEWEY
Número de clasificación 578.74
Número del ítem V29p
100 1# - ASIENTO PRINCIPAL--NOMBRE PERSONAL
Nombre personal Vargas, Julio Ernesto
Término relacionado autor
9 (RLIN) 21403
245 10 - MENCION DE TITULO
Título Plantas forrajeras utilizadas por campesinos para alimentar animales en el Valle del Cauca
260 ## - PUBLICACION, DISTRIBUCION, ETC. (PIE DE IMPRENTA)
Lugar de publicación, distribución, etc. Cali:
Nombre del editor, distribuidor, etc. CIPAV,
Fecha de publicación, distribución, etc. 1998.
300 ## - DESCRIPCION FISICA
Extensión 46 páginas
650 10 - ASIENTO SECUNDARIO DE MATERIA - TERMINO TEMATICO
Término temático o nombre geográfico como elemento de entrada Plantas
Subdivisión general clasificación
9 (RLIN) 73542
650 #0 - ASIENTO SECUNDARIO DE MATERIA - TERMINO TEMATICO
Término temático o nombre geográfico como elemento de entrada Plantas forrajeras.
Subdivisión geográfica Valle del Cauca
9 (RLIN) 73543
700 1# - ASIENTO SECUNDARIO - NOMBRE PERSONAL
Nombre personal Deldadillo, Olga Lucía
9 (RLIN) 21405
942 ## - ELEMENTOS ADICIONALES (KOHA)
Tipo de ítem Libro
Sistema de clasificación Dewey Decimal Classification
945 ## - PROCESAMIENTO LOCAL
AAAA-MM-DD - Fecha de ingreso o modificacion 2004-08-18
Existencias
Withdrawn status Lost status Sistema de Clasificación Damaged status No para préstamo Colección Inventariado Ubicación Permanente Ubicación actual Fecha de adquisición Fuente de Valor Valor Total Checkouts Número topográfico Inventario / Código de Barras Date last seen Ejemplar Price effective from Forma de adquisición Tipo de material
    Dewey Decimal Classification     General Inventariado 2017 Bogotá Bogotá 18/08/2004 Angel, Dafna 39000.00   LB-578.74 V29p 016479 04/12/2012 Ej. 1 04/12/2012 Donación Libro